| 000 | 00874nam a2200253 i 4500 | ||
|---|---|---|---|
| 001 | bg | ||
| 245 | 0 | 0 |
_aRolnictwo w województwie zachodniopomorskim w 2003 r. / _c[zespół pod kier. Alfredy Gibowskiej] ; Urząd Statystyczny w Szczecinie. |
| 260 |
_aSzczecin : _bUS, _c2004. |
||
| 300 |
_a55 s. ; _c24 cm. |
||
| 490 | 1 | _aInformacje i Opracowania Statystyczne | |
| 650 | 9 |
_aRolnictwo _zPolska _ystan na 2002 r. |
|
| 651 | 9 |
_aZachodniopomorskie, województwo _xrolnictwo _zstan na 2003 r. |
|
| 655 | _aDane statystyczne | ||
| 700 | 1 |
_aGIBOWSKA, Alfreda. _eRed. |
|
| 710 | 0 | _aUrząd Statystyczny (Szczecin) | |
| 830 | _aInformacje i Opracowania Statystyczne | ||
| 020 | _a8388718487 | ||
| 040 | _cBPK | ||
| 041 | 0 | _apol | |
| 080 | _a63:338.43:311.3](438)"1989/..."(083.41) | ||
| 920 | _a83-88718-48-7 | ||
| 942 | _cKS | ||
| 008 | s pl f |000 0 pol | ||
| 999 |
_c35451 _d35451 |
||
| 856 |
_uhttp://koha.tu.koszalin.pl/cgi-bin/koha/opac-detail.pl?biblionumber=35451 _yKatalog online BPK |
||